International Herald Tribune

Detalles Bibliográficos
Formato: Seriadas
Lenguaje:inglés
Publicado: New York, NY : International Herald Tribune, 2010-
Materias:
Acceso en línea:http://www.vlex.com/source/4375

MARC

LEADER 00000nas a22000007a 4500
005 20130503112544.0
007 cr|||| ||||
008 130503c2010 xxu|||| s|||| 0|||01eng d
022 |a 0294-8052  
035 |a 4375 
040 |a vLex 
090 |c 4266  |d 4266 
245 0 0 |a International Herald Tribune  |h [Recurso electrn̤ico] 
256 |a Servicio en ln̕ea 
260 |a New York, NY :  |b International Herald Tribune,   |c 2010- 
300 |a 1 Recurso electrn̤ico 
506 |d vLex Global  |d vLex Global (Academic Edition, excluding Law Schools)  |d vLex Global (U.S. Academic Edition, Law Schools)  |d vLex Global (U.S. Academic Edition, excluding Law Schools)  |d vLex Global (Academic Edition, Law Schools) 
650 0 4 |a Informacin̤ general  |v Revistas 
740 |a vLex Revistas (Servicio en ln̕ea) 
856 |a Acceso restringido  |u http://www.vlex.com/source/4375 
942 |c REV 
999 0 |a News